| 000 | 00543nam a22001577a 4500 | ||
|---|---|---|---|
| 003 | NUST | ||
| 038 | _aNusrat Nadeem | ||
| 082 | _a200 | ||
| 100 |
_aMughal, Maham Talaat _9130587 |
||
| 245 |
_aExploring Students’ Perception of AI for Career Readiness: A Qualitative Study/ _cMaham Talaat Mughal, |
||
| 264 |
_aIslamabad: _bS3H NUST. _c2025. |
||
| 650 |
_aMS-Career Counselling and Education _9125301 |
||
| 700 |
_aSupervisor: Dr. Henna Qureshi _9119950 |
||
| 856 | _u http://10.250.8.41:8080/xmlui/handle/123456789/54788 | ||
| 942 |
_2ddc _cSC |
||
| 999 |
_c614779 _d614779 |
||